Multimedia demystified / (Record no. 25571)
[ view plain ]
| 000 -LEADER | |
|---|---|
| fixed length control field | 01151nam a22002297a 4500 |
| 005 - DATE AND TIME OF LATEST TRANSACTION | |
| control field | 20140310183629.0 |
| 008 - FIXED-LENGTH DATA ELEMENTS--GENERAL INFORMATION | |
| fixed length control field | 131115b xxu||||| |||| 00| 0 eng d |
| 020 ## - INTERNATIONAL STANDARD BOOK NUMBER | |
| International Standard Book Number | 9780071770644 |
| 050 ## - LIBRARY OF CONGRESS CALL NUMBER | |
| Classification number | QA 76.75 |
| Item number | .D747 2012 |
| 100 ## - MAIN ENTRY--PERSONAL NAME | |
| Personal name | Dowling, Jennifer Coleman |
| 245 ## - TITLE STATEMENT | |
| Title | Multimedia demystified / |
| Statement of responsibility, etc | Jennifer Coleman Dowling. |
| 260 ## - PUBLICATION, DISTRIBUTION, ETC. (IMPRINT) | |
| Place of publication, distribution, etc | New York : |
| Name of publisher, distributor, etc | McGraw-Hill, |
| Date of publication, distribution, etc | 2012. |
| 300 ## - PHYSICAL DESCRIPTION | |
| Extent | xviii, 333 p. : |
| Other physical details | ill. ; |
| Dimensions | 24 cm. |
| 440 ## - SERIES STATEMENT/ADDED ENTRY--TITLE | |
| Title | Demystified series. |
| 440 ## - SERIES STATEMENT/ADDED ENTRY--TITLE | |
| Title | McGraw-Hill Demystified series. |
| 504 ## - BIBLIOGRAPHY, ETC. NOTE | |
| Bibliography, etc | Includes Index. |
| 520 ## - SUMMARY, ETC. | |
| Summary, etc | "This practical guide provides a background on multimedia, and then delves into the elements that make up a successful multimedia project. You'll learn about software and hardware tools, digital photography, sound editing, web authoring with HTML, vector graphics, file formats, computer animation, and much more. Detailed examples and concise explanations make it easy to understand the material, and end-of-chapter quizzes and a final exam help reinforce key concepts"-- Provided by publisher. |
| 521 ## - TARGET AUDIENCE NOTE | |
| Target audience note | |
| 650 ## - SUBJECT ADDED ENTRY--TOPICAL TERM | |
| Topical term or geographic name as entry element | Multimedia systems. |
| 942 ## - ADDED ENTRY ELEMENTS (KOHA) | |
| Source of classification or shelving scheme | Library of Congress Classification |
| Koha item type | Books |
| Call number prefix | Foreign |
| Withdrawn status | Lost status | Source of classification or shelving scheme | Damaged status | Home library | Current library | Shelving location | Date acquired | Total Checkouts | Full call number | Barcode | Date last seen | Copy number | Price effective from | Koha item type | Source of acquisition | Total Renewals | Date checked out |
|---|---|---|---|---|---|---|---|---|---|---|---|---|---|---|---|---|---|
| Library of Congress Classification | College Library | College Library | Reserve Section | 11/15/2013 | QA 76.75 .D747 2012 | C17108 | 05/15/2018 | 1 | 11/15/2013 | Books | |||||||
| Library of Congress Classification | College Library | College Library | Graduate Section | 12/14/2013 | 1 | QA 76.75 .D747 2012 | C17230 | 05/16/2019 | 2 | 12/14/2013 | Books | Donation | 18 | 01/03/2019 |